000 00634nam a2200253 a 4500
003 AR-BaBNM
005 20251128202933.0
008 082120s2002 ||||||||||||||000 | spa||
040 _cAR-BaBNM
100 1 _aEcker, Olga S. de
245 0 0 _aMoi, je parle français, et vous?
_n3
250 _a1ª ed.
260 _aBuenos Aires
_bKapelusz
_c1975
300 _a87 p.
_bil.
650 4 _aENSEÑANZA DE IDIOMAS
650 4 _aFRANCES
650 4 _aACTIVIDADES DE APRENDIZAJE
650 4 _aGRAMATICA
650 4 _aVOCABULARIO
653 _aEDUCACION SECUNDARIA
700 1 _aGamondi, Clelia
942 _cBK
998 _cCarmen
999 _c1217
_d1217